00533cam a22001457a 4500008004000000082001100040245011100051260002800162300000900190650001700199650002200216700004700238999001900285952008300304180718b1963 xxu||||| |||| 00| 0 eng d aF1 I16 aThe Influence of leader and member behavior on the adjustment and task effectiveness of negotitaion groups aUrbanabThe Dept.c1963 a42p. aSmall groups aSocial psychology aUniversity of Illinois Dept. of Psychology c479785d479785 00104070aIIPAbIIPAd2018-08-04oF1 I16pGR6867r2018-08-04w2018-08-04yGR